=LDR 00000nam 2200000 4500 =001 INLIS000000000041894 =005 20230117025425 =035 ##$$a 0010-061300000041894 =008 230117################g##########0#ind## =041 ##$$a Ind =082 ##$$a 959.8 =090 ##$$a 959, Ahm a =100 ##$$a Ahmad Mansur Suryanegara =245 1#$$a Api sejarah : Buku yang akan mengubah drastis pandangan anda tentang sejarah indonesia, /$c Ahmad Mansur Suryanegara =260 ##$$a Bandung,$c 2012 =300 ##$$a xxiv, 586 hlm., ilus, 25 cm =650 #4$$a Fiksi Sejarah =850 ##$$a NBPNMAT =084 ##$$a 959.8 AHM a =990 ##$$a 93358/BPAP-NTB/2014 =990 ##$$a 21200587